| 000 | 00489nam a2200169 4500 | ||
|---|---|---|---|
| 001 | 122946 | ||
| 003 | ES-MaACL | ||
| 005 | 20230906192055.0 | ||
| 007 | t| | ||
| 008 | 070214s1971 sp r ||||0| spa d | ||
| 100 | 1 |
_aPronzato, Alessandro. _994030 |
|
| 245 | 1 | 4 |
_aLas mil y una monjas / _cAlessandro Pronzato ; tradujo Alfonso Ortiz. |
| 260 |
_aSalamanca : _bSÃgueme, _c1971. |
||
| 300 |
_a284 p ; _c19 cm. |
||
| 700 | 1 |
_aOrtiz, Alfonso. _987547 |
|
| 852 |
_aES-MaACL _jC-50660 _bR.76409 |
||
| 999 |
_c122946 _d122946 |
||